<?xml version="1.0" encoding="UTF-8"?>
<record
    xmlns:xsi="http://www.w3.org/2001/XMLSchema-instance"
    xsi:schemaLocation="http://www.loc.gov/MARC21/slim http://www.loc.gov/standards/marcxml/schema/MARC21slim.xsd"
    xmlns="http://www.loc.gov/MARC21/slim">

  <leader>02332nam1a2200373 i 4500</leader>
  <controlfield tag="001">RU\NLR\bibl\1849520</controlfield>
  <controlfield tag="005">20260407233604.0</controlfield>
  <datafield tag="010" ind1=" " ind2=" ">
    <subfield code="a">9785893572940</subfield>
  </datafield>
  <datafield tag="035" ind1=" " ind2=" ">
    <subfield code="a">(NLR Aleph) 001839923</subfield>
  </datafield>
  <datafield tag="090" ind1=" " ind2=" ">
    <subfield code="a">2258007</subfield>
    <subfield code="c">2258007</subfield>
  </datafield>
  <datafield tag="100" ind1=" " ind2=" ">
    <subfield code="a">20111216d2011    u  y0rusy50      ca</subfield>
  </datafield>
  <datafield tag="101" ind1="0" ind2=" ">
    <subfield code="a">rus</subfield>
  </datafield>
  <datafield tag="102" ind1=" " ind2=" ">
    <subfield code="a">RU</subfield>
  </datafield>
  <datafield tag="105" ind1=" " ind2=" ">
    <subfield code="a">||||z   |||||</subfield>
  </datafield>
  <datafield tag="200" ind1="1" ind2=" ">
    <subfield code="a">&#x414;&#x435;&#x442;&#x441;&#x43A;&#x438;&#x439; &#x442;&#x435;&#x43B;&#x435;&#x444;&#x43E;&#x43D; &#x434;&#x43E;&#x432;&#x435;&#x440;&#x438;&#x44F;, &#x440;&#x430;&#x431;&#x43E;&#x442;&#x430;&#x44E;&#x449;&#x438;&#x439; &#x43F;&#x43E;&#x434; &#x435;&#x434;&#x438;&#x43D;&#x44B;&#x43C; &#x43E;&#x431;&#x449;&#x435;&#x440;&#x43E;&#x441;&#x441;&#x438;&#x439;&#x441;&#x43A;&#x438;&#x43C; &#x43D;&#x43E;&#x43C;&#x435;&#x440;&#x43E;&#x43C; 8 800 2000 122</subfield>
    <subfield code="e">&#x43D;&#x43E;&#x440;&#x43C;&#x430;&#x442;&#x438;&#x432;&#x43D;&#x44B;&#x435; &#x438; &#x43C;&#x435;&#x442;&#x43E;&#x434;&#x438;&#x447;&#x435;&#x441;&#x43A;&#x438;&#x435; &#x43C;&#x430;&#x442;&#x435;&#x440;&#x438;&#x430;&#x43B;&#x44B;</subfield>
    <subfield code="e">&#x443;&#x447;&#x435;&#x431;&#x43D;&#x43E;&#x435; &#x43F;&#x43E;&#x441;&#x43E;&#x431;&#x438;&#x435; &#x434;&#x43B;&#x44F; &#x43F;&#x441;&#x438;&#x445;&#x43E;&#x43B;&#x43E;&#x433;&#x43E;&#x432; &#x438; &#x441;&#x43E;&#x446;&#x438;&#x430;&#x43B;&#x44C;&#x43D;&#x44B;&#x445; &#x43F;&#x435;&#x434;&#x430;&#x433;&#x43E;&#x433;&#x43E;&#x432;</subfield>
    <subfield code="f">&#x424;&#x43E;&#x43D;&#x434; &#x43F;&#x43E;&#x434;&#x434;&#x435;&#x440;&#x436;&#x43A;&#x438; &#x434;&#x435;&#x442;&#x435;&#x439;, &#x43D;&#x430;&#x445;&#x43E;&#x434;&#x44F;&#x449;&#x438;&#x445;&#x441;&#x44F; &#x432; &#x442;&#x440;&#x443;&#x434;&#x43D;&#x43E;&#x439; &#x436;&#x438;&#x437;&#x43D;&#x435;&#x43D;&#x43D;&#x43E;&#x439; &#x441;&#x438;&#x442;&#x443;&#x430;&#x446;&#x438;&#x438;, &#x41D;&#x430;&#x446;. &#x444;&#x43E;&#x43D;&#x434; &#x437;&#x430;&#x449;&#x438;&#x442;&#x44B; &#x434;&#x435;&#x442;&#x435;&#x439; &#x43E;&#x442; &#x436;&#x435;&#x441;&#x442;&#x43E;&#x43A;&#x43E;&#x433;&#x43E; &#x43E;&#x431;&#x440;&#x430;&#x449;&#x435;&#x43D;&#x438;&#x44F;</subfield>
    <subfield code="g">[&#x440;&#x435;&#x434;.-&#x441;&#x43E;&#x441;&#x442;. &#x41C;.&#x41E;. &#x415;&#x433;&#x43E;&#x440;&#x43E;&#x432;&#x430;</subfield>
    <subfield code="g">&#x43D;&#x430;&#x443;&#x447;. &#x440;&#x435;&#x434;. &#x414;.&#x410;. &#x41B;&#x435;&#x43E;&#x43D;&#x442;&#x44C;&#x435;&#x432;, &#x434;.&#x43F;&#x441;&#x438;&#x445;&#x43E;&#x43B;.&#x43D;., &#x43F;&#x440;&#x43E;&#x444;., &#x410;.&#x41D;. &#x41C;&#x43E;&#x445;&#x43E;&#x432;&#x438;&#x43A;&#x43E;&#x432;, &#x43A;.&#x43C;.&#x43D;., &#x434;&#x43E;&#x446;.]</subfield>
  </datafield>
  <datafield tag="210" ind1=" " ind2=" ">
    <subfield code="a">&#x41C;&#x43E;&#x441;&#x43A;&#x432;&#x430;</subfield>
    <subfield code="c">&#x421;&#x43C;&#x44B;&#x441;&#x43B;</subfield>
    <subfield code="d">2011</subfield>
  </datafield>
  <datafield tag="215" ind1=" " ind2=" ">
    <subfield code="d">21</subfield>
    <subfield code="e">1 &#x44D;&#x43B;&#x435;&#x43A;&#x442;&#x440;&#x43E;&#x43D;. &#x43E;&#x43F;&#x442;. &#x434;&#x438;&#x441;&#x43A; (CD-ROM)</subfield>
  </datafield>
  <datafield tag="463" ind1=" " ind2="0">
    <subfield code="1">0011820571</subfield>
  </datafield>
  <datafield tag="463" ind1=" " ind2="0">
    <subfield code="1">0011820574</subfield>
  </datafield>
  <datafield tag="463" ind1=" " ind2="0">
    <subfield code="1">0011820577</subfield>
  </datafield>
  <datafield tag="606" ind1=" " ind2=" ">
    <subfield code="a">&#x414;&#x435;&#x442;&#x438;</subfield>
    <subfield code="j">&#x423;&#x447;&#x435;&#x431;&#x43D;&#x44B;&#x435; &#x438;&#x437;&#x434;&#x430;&#x43D;&#x438;&#x44F;</subfield>
    <subfield code="x">&#x41F;&#x440;&#x430;&#x432;&#x43E;&#x432;&#x430;&#x44F; &#x437;&#x430;&#x449;&#x438;&#x442;&#x430;</subfield>
    <subfield code="y">&#x420;&#x43E;&#x441;&#x441;&#x438;&#x439;&#x441;&#x43A;&#x430;&#x44F; &#x424;&#x435;&#x434;&#x435;&#x440;&#x430;&#x446;&#x438;&#x44F;</subfield>
    <subfield code="9">2075299</subfield>
    <subfield code="3">RU\NLR\auth\661250356</subfield>
  </datafield>
  <datafield tag="606" ind1="1" ind2=" ">
    <subfield code="a">&#x420;&#x43E;&#x434;&#x438;&#x442;&#x435;&#x43B;&#x44C;&#x441;&#x442;&#x432;&#x43E;</subfield>
    <subfield code="j">&#x423;&#x447;&#x435;&#x431;&#x43D;&#x44B;&#x435; &#x438;&#x437;&#x434;&#x430;&#x43D;&#x438;&#x44F;</subfield>
    <subfield code="x">&#x41F;&#x441;&#x438;&#x445;&#x43E;&#x43B;&#x43E;&#x433;&#x438;&#x447;&#x435;&#x441;&#x43A;&#x438;&#x435; &#x43F;&#x440;&#x43E;&#x431;&#x43B;&#x435;&#x43C;&#x44B;</subfield>
    <subfield code="9">2568467</subfield>
    <subfield code="3">RU\NLR\auth\661518971</subfield>
  </datafield>
  <datafield tag="606" ind1=" " ind2=" ">
    <subfield code="a">&#x414;&#x435;&#x442;&#x441;&#x43A;&#x438;&#x439; &#x442;&#x435;&#x43B;&#x435;&#x444;&#x43E;&#x43D; &#x434;&#x43E;&#x432;&#x435;&#x440;&#x438;&#x44F;</subfield>
    <subfield code="j">&#x423;&#x447;&#x435;&#x431;&#x43D;&#x44B;&#x435; &#x438;&#x437;&#x434;&#x430;&#x43D;&#x438;&#x44F;</subfield>
    <subfield code="9">2630113</subfield>
    <subfield code="3">RU\NLR\auth\661566673</subfield>
  </datafield>
  <datafield tag="686" ind1=" " ind2=" ">
    <subfield code="a">&#x425;620.32&#x44F;7</subfield>
  </datafield>
  <datafield tag="686" ind1=" " ind2=" ">
    <subfield code="a">&#x42E;984.92&#x44F;7</subfield>
  </datafield>
  <datafield tag="686" ind1=" " ind2=" ">
    <subfield code="a">&#x42E;949.2&#x44F;7</subfield>
  </datafield>
  <datafield tag="702" ind1=" " ind2="1">
    <subfield code="a">&#x415;&#x433;&#x43E;&#x440;&#x43E;&#x432;&#x430;</subfield>
    <subfield code="b">&#x41C;. &#x41E;.</subfield>
    <subfield code="g">&#x41C;&#x430;&#x440;&#x438;&#x43D;&#x430; &#x41E;&#x441;&#x43A;&#x430;&#x440;&#x43E;&#x432;&#x43D;&#x430;</subfield>
    <subfield code="4">220</subfield>
  </datafield>
  <datafield tag="702" ind1=" " ind2="1">
    <subfield code="4">340</subfield>
    <subfield code="8">rus</subfield>
    <subfield code="7">ca</subfield>
    <subfield code="a">&#x41B;&#x435;&#x43E;&#x43D;&#x442;&#x44C;&#x435;&#x432;</subfield>
    <subfield code="b">&#x414;. &#x410;.</subfield>
    <subfield code="c">&#x434;-&#x440; &#x43F;&#x441;&#x438;&#x445;&#x43E;&#x43B;. &#x43D;&#x430;&#x443;&#x43A;</subfield>
    <subfield code="f">1960-</subfield>
    <subfield code="g">&#x414;&#x43C;&#x438;&#x442;&#x440;&#x438;&#x439; &#x410;&#x43B;&#x435;&#x43A;&#x441;&#x435;&#x435;&#x432;&#x438;&#x447;</subfield>
    <subfield code="3">RU\NLR\auth\7731046</subfield>
    <subfield code="9">14060</subfield>
  </datafield>
  <datafield tag="712" ind1="0" ind2="2">
    <subfield code="4">570</subfield>
    <subfield code="a">&#x424;&#x43E;&#x43D;&#x434; &#x43F;&#x43E;&#x434;&#x434;&#x435;&#x440;&#x436;&#x43A;&#x438; &#x434;&#x435;&#x442;&#x435;&#x439;, &#x43D;&#x430;&#x445;&#x43E;&#x434;&#x44F;&#x449;&#x438;&#x445;&#x441;&#x44F; &#x432; &#x442;&#x440;&#x443;&#x434;&#x43D;&#x43E;&#x439; &#x436;&#x438;&#x437;&#x43D;&#x435;&#x43D;&#x43D;&#x43E;&#x439; &#x441;&#x438;&#x442;&#x443;&#x430;&#x446;&#x438;&#x438;</subfield>
    <subfield code="c">&#x41C;&#x43E;&#x441;&#x43A;&#x432;&#x430;</subfield>
    <subfield code="3">RU\NLR\AUTH\8810159977</subfield>
    <subfield code="9">815547</subfield>
  </datafield>
  <datafield tag="801" ind1=" " ind2="0">
    <subfield code="a">RU</subfield>
    <subfield code="b">NLR</subfield>
    <subfield code="c">20111216</subfield>
    <subfield code="g">RCR</subfield>
  </datafield>
  <datafield tag="801" ind1=" " ind2="1">
    <subfield code="a">RU</subfield>
    <subfield code="b">NLR</subfield>
    <subfield code="c">20111216</subfield>
  </datafield>
  <datafield tag="852" ind1=" " ind2=" ">
    <subfield code="a">NLR</subfield>
    <subfield code="j">2011-3/31710</subfield>
  </datafield>
  <datafield tag="942" ind1=" " ind2=" ">
    <subfield code="c">BOOK</subfield>
  </datafield>
</record>
